| 000 | 00316nam a2200109 4500 | ||
|---|---|---|---|
| 999 |
_c10805 _d10805 |
||
| 008 | 180921b ||||| |||| 00| 0 eng d | ||
| 245 | _aThe leadership gab in leading digital transformation. | ||
| 260 |
_aPhilippines _bManila Bulletin _cc2017 |
||
| 300 | _apage B-6. | ||
| 650 | 0 |
_931454 _aLeadership. |
|
| 942 |
_2ddc _cPER |
||